[Event "SK Münster 2 - SG Turm Raesfeld/Erle 1"]
[Site "Regionalliga Münsterland 2017"]
[Date "2018.04.21"]
[Round "8.6"]
[White "Kubo, Thomas"]
[Black "Bergemann, Martin"]
[Result "1-0"]
[WhiteElo "1958"]
[BlackElo "1947"]
[PlyCount "95"]
[EventDate "2018.??.??"]
[SourceDate "2017.09.15"]

1. Nf3 c5 2. b3 d6 3. Bb2 Nd7 4. g3 Ngf6 5. Bg2 g6 6. O-O Bg7 7. c4 O-O 8. Nc3
Ne4 9. Qc2 Nxc3 10. Bxc3 Nf6 11. Rad1 Bf5 12. Qb2 e5 13. d3 Qd7 14. Rfe1 Rab8
15. e3 Bg4 16. Rd2 b5 17. cxb5 Rxb5 18. Rc1 Nd5 19. Ne1 Nxc3 20. Qxc3 Rbb8 21.
Qa5 Rfc8 22. Bd5 Bf6 23. Rc4 Bd8 24. Qa4 Bh3 25. Qa3 Bb6 26. Rh4 Be6 27. Bxe6
fxe6 28. Qa4 Qxa4 29. Rxa4 Rf8 30. Nc2 Rf7 31. Na3 d5 32. Kg2 Rbf8 33. Ra6 Kg7
34. Nb5 Rd7 35. a4 Rff7 36. a5 Bd8 37. Rc2 e4 38. dxe4 dxe4 39. Nd6 Be7 40.
Nxf7 Kxf7 41. Rc4 Rb7 42. Rxe4 Rxb3 43. Rxa7 Ra3 44. h4 Ra2 45. Kf3 Rd2 46. Ra4
Rd6 47. a6 Rc6 48. Rxe7+ 1-0

[Event "SK Münster 2 - SG Turm Raesfeld/Erle 1"]
[Site "Regionalliga Münsterland 2017"]
[Date "2018.04.21"]
[Round "8.7"]
[White "Bölker, Franz"]
[Black "Emunds, Hans Georg"]
[Result "0-1"]
[WhiteElo "1795"]
[BlackElo "2100"]
[PlyCount "124"]
[EventDate "2018.??.??"]
[SourceDate "2017.09.15"]

1. d4 Nf6 2. c4 e6 3. Nf3 b6 4. Nc3 Bb7 5. Bg5 Be7 6. e3 Ne4 7. Bxe7 Qxe7 8.
Qc2 Nxc3 9. Qxc3 d6 10. Be2 Nd7 11. O-O O-O 12. Rfe1 Nf6 13. Nd2 c5 14. Bf3
Rac8 15. Bxb7 Qxb7 16. Qd3 d5 17. b3 Rfd8 18. cxd5 Qxd5 19. Nf3 c4 20. bxc4
Qxc4 21. Qa3 Qc7 22. Rac1 Qb7 23. h3 Rd7 24. Qxa7 Ra8 25. Qxb7 Rxb7 26. Re2 Nd7
27. Rec2 Kf8 28. Ng5 Ke7 29. Rb1 Rba7 30. Rbb2 h6 31. Nf3 Kd6 32. Nd2 Ra6 33.
Nc4+ Ke7 34. g4 Rc8 35. Kg2 f6 36. f4 Ra4 37. Nd2 Rb4 38. Nb3 Rbc4 39. Rxc4
Rxc4 40. Nd2 Rc1 41. Nf3 Kd6 42. e4 Rc3 43. Kf2 g6 44. Rd2 f5 45. e5+ Kd5 46.
Re2 Nb8 47. Kg2 Nc6 48. Rb2 Ke4 49. Nh4 Kxf4 50. Nxg6+ Kg5 51. gxf5 Kxf5 52.
Nh4+ Ke4 53. Rxb6 Nxd4 54. a4 Ra3 55. Rb4 Kxe5 56. Ng6+ Kd5 57. Rb7 Rxa4 58.
Rh7 Ke4 59. Rxh6 Ra2+ 60. Kf1 Nf5 61. Rh8 Ne3+ 62. Kg1 Rg2+ 0-1

[Event "SK Münster 2 - SG Turm Raesfeld/Erle 1"]
[Site "Regionalliga Münsterland 2017"]
[Date "2018.04.21"]
[Round "8.8"]
[White "Kamp, Aaron"]
[Black "Borutta, Niklas"]
[Result "1-0"]
[WhiteElo "1723"]
[BlackElo "2054"]
[PlyCount "63"]
[EventDate "2018.??.??"]
[SourceDate "2017.09.15"]

1. e4 c5 2. d4 cxd4 3. c3 Nf6 4. e5 Nd5 5. cxd4 Nc6 6. Bc4 Nb6 7. Bb3 d5 8.
exd6 Qxd6 9. Nf3 Bf5 10. Nc3 e6 11. O-O Be7 12. Nb5 Qd7 13. Bf4 O-O 14. Nc3
Rfd8 15. Be3 Bf6 16. Qe2 Qe7 17. Rfd1 Nb4 18. Rac1 Rac8 19. Bf4 Bg4 20. a3 Nc6
21. d5 Nd4 22. Rxd4 Bxd4 23. dxe6 fxe6 24. Qe4 Bxc3 25. Ng5 g6 26. Nxe6 Bxe6
27. Bxe6+ Kf8 28. bxc3 Rxc3 29. Bh6+ Ke8 30. Re1 Rc7 31. Qe5 Qc5 32. Bf7+ 1-0

[Event "SG Ahaus-Wessum 1 - SF Neuenkirchen 1"]
[Site "Regionalliga Münsterland 2017"]
[Date "2018.04.21"]
[Round "8.1"]
[White "Wilde, Pierre"]
[Black "Wensing, Maximilian"]
[Result "1/2-1/2"]
[WhiteElo "2240"]
[BlackElo "2027"]
[PlyCount "97"]
[EventDate "2018.??.??"]
[SourceDate "2017.09.15"]

1. c4 Nf6 2. g3 c6 3. Nf3 g6 4. Bg2 Bg7 5. O-O O-O 6. b3 d5 7. Bb2 Bf5 8. d3
Re8 9. Nbd2 Qd6 10. Be5 Qa3 11. Qc2 Nfd7 12. Bxg7 Kxg7 13. Nd4 Nf6 14. cxd5
cxd5 15. Nxf5+ gxf5 16. Qc7 Qb4 17. Rfd1 e6 18. a3 Qe7 19. Rdc1 Nc6 20. Qxe7
Rxe7 21. e3 Rc8 22. Ra2 Rec7 23. Rac2 Ne8 24. e4 fxe4 25. dxe4 d4 26. f4 f6 27.
Bf1 Ne7 28. Rxc7 Rxc7 29. Rxc7 Nxc7 30. b4 b5 31. Nf3 Nc6 32. Bh3 Kf7 33. Kf2
Ke7 34. e5 fxe5 35. fxe5 Nd5 36. Ke2 Nb6 37. Kd3 Nc4 38. Ke4 d3 39. Kxd3 Nxa3
40. Kc3 Nc4 41. Bf1 N6xe5 42. Nxe5 Nxe5 43. Bxb5 Kd6 44. Be2 Nc6 45. Bf3 a5 46.
bxa5 Nxa5 47. Kd4 Nb3+ 48. Ke3 Ke5 49. Be4 1/2-1/2

[Event "SG Ahaus-Wessum 1 - SF Neuenkirchen 1"]
[Site "Regionalliga Münsterland 2017"]
[Date "2018.04.21"]
[Round "8.2"]
[White "Schulze Ameling, Hendrik"]
[Black "Vos, Thomas"]
[Result "1-0"]
[WhiteElo "2001"]
[BlackElo "2159"]
[PlyCount "65"]
[EventDate "2018.??.??"]
[SourceDate "2017.09.15"]

1. d4 d5 2. c4 e5 3. dxe5 d4 4. Nf3 Nc6 5. Bf4 Be6 6. Nbd2 h6 7. a3 Nge7 8. Qa4
Nf5 9. g4 Nfe7 10. h3 a6 11. Rd1 b5 12. cxb5 axb5 13. Qc2 b4 14. Bg2 bxa3 15.
bxa3 Rxa3 16. O-O Rc3 17. Qb2 Bd5 18. Ra1 Ng6 19. Bg3 h5 20. Ra4 hxg4 21. hxg4
Bc5 22. e4 Be6 23. Qb7 Nge7 24. Ra8 Bc8 25. Qb5 Qd7 26. Nb1 Rc2 27. Ne1 Rc1 28.
Bf4 Rxb1 29. Qxb1 Qxg4 30. Bg3 d3 31. Nf3 Nb4 32. Rc1 Nc2 33. Qb5+ 1-0

[Event "SG Ahaus-Wessum 1 - SF Neuenkirchen 1"]
[Site "Regionalliga Münsterland 2017"]
[Date "2018.04.21"]
[Round "8.3"]
[White "Hachmeister, Dirk"]
[Black "Rosing, Hermann"]
[Result "0-1"]
[WhiteElo "2143"]
[BlackElo "1963"]
[PlyCount "50"]
[EventDate "2018.??.??"]
[SourceDate "2017.09.15"]

1. Nf3 f5 2. e4 d6 3. exf5 Bxf5 4. d4 Nf6 5. Bd3 Qd7 6. O-O Nc6 7. Bxf5 Qxf5 8.
c4 e5 9. Nc3 Be7 10. d5 Nd8 11. h3 c6 12. Be3 O-O 13. Qb1 Qh5 14. b4 cxd5 15.
cxd5 Rc8 16. Qd3 a6 17. a4 Nf7 18. Rac1 h6 19. Rfd1 Kh8 20. b5 axb5 21. Qxb5 e4
22. Nh2 Rxc3 23. g4 Qxh3 24. Rxc3 Nxg4 25. Nf1 Nfe5 0-1

[Event "SG Ahaus-Wessum 1 - SF Neuenkirchen 1"]
[Site "Regionalliga Münsterland 2017"]
[Date "2018.04.21"]
[Round "8.4"]
[White "Bauland, Thomas"]
[Black "Seegers, Hendrik"]
[Result "1/2-1/2"]
[WhiteElo "1868"]
[BlackElo "2109"]
[PlyCount "111"]
[EventDate "2018.??.??"]
[SourceDate "2017.09.15"]

1. d4 d5 2. Nf3 e6 3. e3 Nf6 4. Bd3 Nbd7 5. O-O c5 6. c3 Bd6 7. Nbd2 O-O 8. e4
dxe4 9. Nxe4 Nxe4 10. Bxe4 Nf6 11. Bc2 h6 12. dxc5 Bxc5 13. Qxd8 Rxd8 14. Bf4
b6 15. Rad1 Bb7 16. Ne5 Kf8 17. h3 b5 18. Rxd8+ Rxd8 19. Rd1 Rxd1+ 20. Bxd1 Ke7
21. a4 a6 22. axb5 axb5 23. Be2 Nd5 24. Bd2 f6 25. Nd3 Bd6 26. Nc1 Bc6 27. Nb3
e5 28. g3 Bd7 29. h4 Kd8 30. c4 bxc4 31. Bxc4 Nb6 32. Bd3 Na4 33. Bc1 Bb4 34.
Bc4 Kc7 35. Kf1 Kd6 36. Ke2 f5 37. f3 Bc6 38. Na1 Nb6 39. Ba6 Nd5 40. Nc2 Bc5
41. Bd2 f4 42. g4 g5 43. hxg5 hxg5 44. Bd3 Nf6 45. Bf5 e4 46. fxe4 Nxe4 47.
Bxe4 Bxe4 48. Ne1 Bd4 49. Nf3 Bf6 50. Bb4+ Kd5 51. Bf8 Kc4 52. Bh6 Bxf3+ 53.
Kxf3 Kb3 54. Bf8 Kxb2 55. Bd6 Kc3 56. Bxf4 1/2-1/2

[Event "SG Ahaus-Wessum 1 - SF Neuenkirchen 1"]
[Site "Regionalliga Münsterland 2017"]
[Date "2018.04.21"]
[Round "8.5"]
[White "Scho, Christian"]
[Black "Woltering, Martin"]
[Result "1-0"]
[WhiteElo "2090"]
[BlackElo "1800"]
[PlyCount "43"]
[EventDate "2018.??.??"]
[SourceDate "2017.09.15"]

1. Nf3 f5 2. d3 Nf6 3. e4 fxe4 4. dxe4 e6 5. e5 Nd5 6. c4 Bb4+ 7. Nbd2 Ne7 8.
a3 Bxd2+ 9. Bxd2 d6 10. Bd3 Nbc6 11. Qc2 g6 12. Bc3 Rf8 13. O-O-O Nf5 14. Rhe1
Bd7 15. Be4 Qe7 16. b4 a6 17. Kb2 b5 18. g4 Nh4 19. exd6 cxd6 20. Bxc6 Bxc6 21.
Nxh4 Qxh4 22. Rxe6+ 1-0

[Event "SG Ahaus-Wessum 1 - SF Neuenkirchen 1"]
[Site "Regionalliga Münsterland 2017"]
[Date "2018.04.21"]
[Round "8.6"]
[White "Terdues, Guido"]
[Black "Rieke, Theo"]
[Result "1/2-1/2"]
[WhiteElo "1727"]
[BlackElo "1939"]
[PlyCount "38"]
[EventDate "2018.??.??"]
[SourceDate "2017.09.15"]

1. f4 Nf6 2. Nf3 g6 3. g3 Bg7 4. Bg2 O-O 5. O-O c5 6. d3 d5 7. Nc3 Nc6 8. e4
dxe4 9. dxe4 Qxd1 10. Rxd1 e5 11. h3 Be6 12. a3 h6 13. Be3 b6 14. Rd2 Rad8 15.
Rad1 Nh5 16. Rxd8 Rxd8 17. Rxd8+ Nxd8 18. Nxe5 Nxg3 19. Kf2 Nh5 1/2-1/2

[Event "SG Ahaus-Wessum 1 - SF Neuenkirchen 1"]
[Site "Regionalliga Münsterland 2017"]
[Date "2018.04.21"]
[Round "8.7"]
[White "Beckmann, Klaus2"]
[Black "Messelink, Gerrit"]
[Result "1-0"]
[WhiteElo "2072"]
[BlackElo "1802"]
[PlyCount "61"]
[EventDate "2018.??.??"]
[SourceDate "2017.09.15"]

1. e4 Nf6 2. Nc3 d5 3. e5 d4 4. exf6 dxc3 5. fxg7 cxd2+ 6. Qxd2 Qxd2+ 7. Bxd2
Bxg7 8. O-O-O Nc6 9. Ne2 Bf5 10. Ng3 Bg6 11. Bb5 O-O 12. Bxc6 bxc6 13. Rhe1
Rfe8 14. Be3 Rab8 15. b3 e6 16. Rd7 Be5 17. Bxa7 Bf4+ 18. Be3 Bd6 19. Bh6 Rb5
20. Ne4 Ba3+ 21. Kb1 Be7 22. f3 f5 23. Nc3 Rc5 24. Rxe6 Bf8 25. Bxf8 Rxc3 26.
Bb4 Rxb3+ 27. cxb3 Rxe6 28. Re7 f4+ 29. Kb2 Rf6 30. Rxc7 Re6 31. Re7 1-0

[Event "SG Ahaus-Wessum 1 - SF Neuenkirchen 1"]
[Site "Regionalliga Münsterland 2017"]
[Date "2018.04.21"]
[Round "8.8"]
[White "Resing, Marvin"]
[Black "Stöckmann, Helmut"]
[Result "1/2-1/2"]
[WhiteElo "1688"]
[BlackElo "2004"]
[PlyCount "37"]
[EventDate "2018.??.??"]
[SourceDate "2017.09.15"]

1. e4 c5 2. Nf3 e6 3. d4 cxd4 4. Nxd4 a6 5. c4 Nf6 6. Bd3 d6 7. Nc3 Be7 8. O-O
O-O 9. Be3 Nbd7 10. Bc2 Qc7 11. Qe2 b6 12. f4 Bb7 13. Bf2 Rac8 14. Bb3 Nc5 15.
Bc2 Ncd7 16. Bb3 Nc5 17. Bc2 Ncd7 18. Bb3 Nc5 19. Bc2 1/2-1/2